Statystyki dla Zgadnij z jakiego kraju jest klub(level easy)

Kliknij tutaj aby rozwiązać quiz!

Ogólne statystyki

  • Ten quiz został rozwiązany 32 razy
  • Średni wynik to 13 z 15

Statystyki odpowiedzi

HintOdpowiedź% Poprawnych
LiverpoolAnglia
100%
ChelseaAnglia
100%
BarcelonaHiszpania
100%
Borussia DortmundNiemcy
100%
PSGFrancja
97%
Legia WarszawaPolska
97%
JuventusWłochy
97%
AS MonacoFrancja
90%
BenficaPortugalia
87%
Dinamo ZagrzebChorwacja
84%
Club BruggeBelgia
81%
PSVHolandia
81%
Szachtar DonieckUkraina
81%
Celtic GlasgowSzkocja
77%
RB SalzburgAustria
74%

Rozkład punktacji

Percentyl według liczby udzielonych odpowiedzi

Procent ludzi z każdym wynikiem

Twoja historia wyników

Nie rozwiązałeś tego quizu